<?xml version="1.0" encoding="UTF-8"?>
<record
    xmlns:xsi="http://www.w3.org/2001/XMLSchema-instance"
    xsi:schemaLocation="http://www.loc.gov/MARC21/slim http://www.loc.gov/standards/marcxml/schema/MARC21slim.xsd"
    xmlns="http://www.loc.gov/MARC21/slim">

  <leader>01586nam a22002537a 4500</leader>
  <controlfield tag="003">OSt</controlfield>
  <controlfield tag="005">20250505150921.0</controlfield>
  <controlfield tag="008">210806t2003    ck ||||er|||| 00| 0dspa d</controlfield>
  <datafield tag="020" ind1=" " ind2=" ">
    <subfield code="a">9587060210 </subfield>
    <subfield code="q">colecci&#xF3;n</subfield>
  </datafield>
  <datafield tag="020" ind1=" " ind2=" ">
    <subfield code="a">9587060369 </subfield>
    <subfield code="q">Volumen</subfield>
  </datafield>
  <datafield tag="040" ind1=" " ind2=" ">
    <subfield code="a">CO-JMCR</subfield>
    <subfield code="c">CO-JMCR</subfield>
  </datafield>
  <datafield tag="041" ind1="0" ind2=" ">
    <subfield code="a">spa</subfield>
  </datafield>
  <datafield tag="082" ind1="0" ind2="4">
    <subfield code="a">A-N</subfield>
    <subfield code="b">ZALc</subfield>
    <subfield code="2">23</subfield>
  </datafield>
  <datafield tag="100" ind1="1" ind2=" ">
    <subfield code="a">Zalamea Borda, Eduardo, </subfield>
    <subfield code="e">autor</subfield>
    <subfield code="9">39163</subfield>
  </datafield>
  <datafield tag="245" ind1="1" ind2="0">
    <subfield code="a">4 a&#xF1;os a bordo de m&#xED; mismo : </subfield>
    <subfield code="b">diario de los 5 sentidos / </subfield>
    <subfield code="c">Eduardo Zalamea Borda</subfield>
  </datafield>
  <datafield tag="246" ind1=" " ind2=" ">
    <subfield code="a">Cuatro a&#xF1;os a bordo de mi mismo : </subfield>
    <subfield code="b">diario de los cinco sentidos</subfield>
  </datafield>
  <datafield tag="260" ind1=" " ind2=" ">
    <subfield code="a">Bogot&#xE1; : </subfield>
    <subfield code="b">El Tiempo, </subfield>
    <subfield code="c">&#xA9;2003</subfield>
  </datafield>
  <datafield tag="300" ind1=" " ind2=" ">
    <subfield code="a">307 p&#xE1;ginas ; </subfield>
    <subfield code="c">21 cm.</subfield>
  </datafield>
  <datafield tag="490" ind1="0" ind2=" ">
    <subfield code="a">Biblioteca El Tiempo. Serie Colombia ; </subfield>
    <subfield code="v">15</subfield>
  </datafield>
  <datafield tag="500" ind1=" " ind2=" ">
    <subfield code="a">Incluye datos biogr&#xE1;ficos del autor.</subfield>
  </datafield>
  <datafield tag="520" ind1="3" ind2=" ">
    <subfield code="a">Todav&#xED;a no era Joyce asimilado entre nosotros sino por una super elite de la cultura, cuando apareci&#xF3; en 1934, publicada por Editorial Santa Fe, 4 a&#xF1;os a bordo de m&#xED; mismo, de Eduardo Zalamea, la primera novela de corte joyciano en Am&#xE9;rica Latina y quiz&#xE1;s en lengua espa&#xF1;ola. Su aparici&#xF3;n fue todo un acontecimiento literario, tanto m&#xE1;s importante cuanto que no degener&#xF3; en best seller. Alabada por los vanguardistas como la novela que romp&#xED;a con las amarras que manten&#xED;an inm&#xF3;vil la nave de nuestro pensamiento, y execrada por los puristas como una obra mas para los anaqueles de la pornograf&#xED;a, 4 a&#xF1;os a bordo de mi mismo es hoy uno de los libros de mayor importancia y que m&#xE1;s influjo ejercen en nuestro quehacer literario.</subfield>
  </datafield>
  <datafield tag="650" ind1="1" ind2="4">
    <subfield code="a">Novela colombiana</subfield>
    <subfield code="y">Siglo XX</subfield>
    <subfield code="9">14002</subfield>
  </datafield>
  <datafield tag="942" ind1=" " ind2=" ">
    <subfield code="2">ddc</subfield>
    <subfield code="c">BK</subfield>
  </datafield>
  <datafield tag="999" ind1=" " ind2=" ">
    <subfield code="c">15567</subfield>
    <subfield code="d">15567</subfield>
  </datafield>
  <datafield tag="952" ind1=" " ind2=" ">
    <subfield code="0">0</subfield>
    <subfield code="1">0</subfield>
    <subfield code="2">ddc</subfield>
    <subfield code="4">0</subfield>
    <subfield code="7">0</subfield>
    <subfield code="8">FIC</subfield>
    <subfield code="a">CPL</subfield>
    <subfield code="b">CPL</subfield>
    <subfield code="d">2021-08-06</subfield>
    <subfield code="e">Donaci&#xF3;n</subfield>
    <subfield code="l">1</subfield>
    <subfield code="o">A-N ZALc</subfield>
    <subfield code="p">201811115</subfield>
    <subfield code="r">2025-04-22 09:09:38</subfield>
    <subfield code="s">2025-04-21</subfield>
    <subfield code="t">Ej.1</subfield>
    <subfield code="w">2021-08-06</subfield>
    <subfield code="y">BK</subfield>
    <subfield code="z">Material con deterioro biol&#xF3;gico.</subfield>
  </datafield>
</record>
